| 000 | 00439nam a2200181Ia 4500 | ||
|---|---|---|---|
| 005 | 20240823011539.0 | ||
| 008 | 240823s9999||||xx |||||||||||||| ||und|| | ||
| 041 | _aENGLISH | ||
| 082 | _A0053.1 P2 | ||
| 100 | _a"Pfleeger,Shari Lawrence" | ||
| 245 | 0 | _aSoftware Engineerig | |
| 250 | _a2nd | ||
| 260 |
_c2002 _b"Pearson,Singapore" |
||
| 500 | _aYES | ||
| 650 |
_aComputer Science _bComputer Science |
||
| 942 | _cBK | ||
| 999 |
_c161856 _d161856 |
||